№ 12: [сборник]; Научные приборы

Bibliographische Detailangaben
Parent link:Научные приборы: бюллетень/ Совет экономической взаимопомощи (СЭВ), Комитет по научно-техническому сотрудничеству. № 12.— , 1973-1985
Sprache:Russisch
Veröffentlicht: 1976
Schlagworte:
Format: Buch
KOHA link:https://koha.lib.tpu.ru/cgi-bin/koha/opac-detail.pl?biblionumber=340945

MARC

LEADER 00000nam2a2200000 4500
001 340945
005 20231102005308.0
035 |a (RuTPU)RU\TPU\book\368102 
035 |a RU\TPU\book\363650 
090 |a 340945 
100 |a 20180511d1976 km y0rusy50 ca 
101 0 |a rus 
102 |a RU 
105 |a a z 001zy 
200 0 |a № 12  |e [сборник] 
210 |d 1976 
215 |a 120 с.  |c ил. 
320 |a Библиография в конце статей 
461 1 |0 (RuTPU)RU\TPU\book\291587  |t Научные приборы  |o бюллетень  |f Совет экономической взаимопомощи (СЭВ), Комитет по научно-техническому сотрудничеству  |v № 12  |d 1973-1985 
606 1 |a Измерительные приборы  |2 stltpush  |3 (RuTPU)RU\TPU\subj\12270  |9 39083 
606 1 |a Научные исследования  |x Информационные технологии  |2 stltpush  |3 (RuTPU)RU\TPU\subj\71302  |9 85263 
610 1 |a ультрацентрифуги 
610 1 |a анализаторы 
610 1 |a спектрометры 
610 1 |a дифрактометры 
610 1 |a счетчики 
675 |a 681.2.002  |v 3 
686 |a Ч215.3  |2 rubbk 
801 1 |a RU  |b 63413507  |c 20141106 
801 2 |a RU  |b 63413507  |c 20180511  |g RCR 
942 |c BK